The Best Day lyrics - Statistics

General Stats
  • This quiz has been taken 64 times
    60 since last reset
  • The average score is 285 of 349
Answer Stats
Lyrics % Correct
be
100%
best
100%
day
100%
I
100%
the
100%
to
100%
you,
100%
you
100%
You
100%
a
96%
an
96%
and
96%
And
96%
had
96%
my
96%
with
96%
don't
92%
Don't
92%
is
92%
me
92%
when
92%
But
88%
have
88%
if
88%
in
88%
It's
88%
it's
88%
know
88%
today
88%
we
88%
your
88%
at
84%
car
84%
for
84%
I've
84%
now,
84%
now
84%
was
84%
who
84%
you're
84%
all
80%
am
80%
brother
80%
could
80%
excellent
80%
father
80%
friends
80%
His
80%
home
80%
house
80%
how
80%
I'm
80%
little
80%
making
80%
mean
80%
of
80%
on
80%
so
80%
stronger
80%
up
80%
why
80%
anything
76%
change
76%
drive
76%
fall
76%
got
76%
grew
76%
hear
76%
laugh
76%
old
76%
or
76%
talk
76%
than
76%
There
76%
'til
76%
trees
76%
were
76%
away
72%
back
72%
better
72%
big
72%
days
72%
five
72%
from
72%
getting
72%
God
72%
gonna
72%
he's
72%
love
72%
not
72%
pretty
72%
ride
72%
run
72%
scared
72%
school
72%
talking
72%
their
72%
thirteen
72%
way
72%
wide
72%
years
72%
coat
68%
cold
68%
far
68%
kitchen
68%
laughing
68%
names
68%
prettiest
68%
princesses
68%
shop
68%
strength
68%
take
68%
that
68%
three
68%
video
68%
whole
68%
window
68%
world
68%
age
64%
crying
64%
even
64%
feel
64%
found
64%
grab
64%
keys
64%
long
64%
look
64%
Look
64%
near
64%
say
64%
side,
64%
smiles
64%
until
64%
asleep
60%
come
60%
enough
60%
eyes
60%
giving
60%
lady
60%
okay
60%
out
60%
pirate
60%
set
60%
ships
60%
Snow
60%
space
60%
tight
60%
town
60%
wrong
60%
Daddy's
56%
dwarfs
56%
forgotten
56%
hold
56%
Inside
56%
legs
56%
seven
56%
shine
56%
smiling
56%
this
56%
White's
56%
didn't
52%
patch
52%
pumpkin
52%
sky
52%
gold
48%
paint
48%
watching
48%
hug
44%
knew,
44%
smart
44%
chance
40%
Past
40%
taking
40%
Staying
36%
tractor
36%
rides
32%
No matching quizzes found
Score Distribution
Percent of People with Each Score
Percentile by Number Answered
Your Score History
You have not taken this quiz since the last reset